00224nam a2200097Ia 4500008004100000082001900041100001500060245001800075260002500093300000800118150731s1994 xx 000 0 und d a615.53bY 94 C aCHAND,DEVI aTHE YAYURVEDA bMUNSHIRAM PUB.c1994 a452